| 000 | 00516nam a2200181Ia 4500 | ||
|---|---|---|---|
| 005 | 20250425160933.0 | ||
| 008 | 250425s9999 xx 000 0 und d | ||
| 041 | _aspa | ||
| 082 | _a301.44 | ||
| 100 | _aGONZALEZ S., VICTOR | ||
| 245 | 0 | _aCRITICA A LAS CONCEPCIONES DE RAZAS Y CLASES SOCIALES EN LA COLONIA, SEGUN LOS HISTORIADORES NACIONALES | |
| 250 | _a1A ED. | ||
| 260 |
_aEcuador _bCASA DE LA CULTURA , NUCLEO DEL GUAYAS _c1978 |
||
| 260 | _aGUAYAQUIL | ||
| 300 | _a87 | ||
| 942 | _c01 | ||
| 010 | _a8793 | ||
| 999 |
_c199210 _d199210 |
||